00843nam a2200229 a 450000100060000000300080000600500170001400800410003103500100007204000350008204100080011708200240012510000330014924501890018226000450037130000190041649000370043565000230047265000310049570000530052683000340057938245BD-RjUL20211209052745.0190402s1952 egp 000 0 eng d a38350 aCStRLINbengcBD-RjULdBD-RjUL aeng 223a333.3bHEL 19521 aHeyworth-Dunne, Gamal-Eddine10aLand tenure in Islam, 630 A.D.-1951 A.D. :b with a translation of shaikh Muhammad Hasanayn Makhluf's Fatwa on private property dated 18th April 1948 /cby Gamal-Eddine Heyworth-Dunne. aCairo:bThe Renaissance Bookshop, c1952 a49 p. ;c24 cm1 aThe Muslim world series ;vno. 3 0aLand tenurezAsia. 0aLand tenure (Islamic law).1 aMakhluf, Shaikh Muhammad Hasanain ,d1890- , tr. 0aMuslim world series ;vno. 3.